00822nam a2200229 a 450000100060000000300080000600500170001400800410003103500190007204000410009104100080013208200240014010000340016424500790019826000790027730000210035650000190037765000300039694200120042699900170043895201370045552014BD-RjUL20211209075737.0160905m19561962nyu 001 0 eng  a(BD-RjUL)52134 aDLCcODaWUdOCoLCdDLCdBD-RjULbeng aeng 223a361.3bRIB 19621 aRich, Margaret Elden.915554512aA belief in people :ba history of family social work. /cMargaret E. Rich aNew York :bFamily Service Association of America, cc1956 [printing 1962] a190 p. ;c24 cm. aIncludes index 0aSocial case work.9155546 2ddccBK c52014d52014 00102ddc40708NFICaRUCLbRUCLcStackd1965-09-24eZeitlingerg28.00l0o361.3 RIB 1962r2016-09-05 00:00:00tC-2w2016-09-05yBK